000 00246nam a2200109Ia 4500
008 191206s9999 xx 000 0 und d
020 _a333440056
090 _aQH316
245 0 _aWork out biology
260 _aMacillan education
260 _cc1987
999 _c17315
_d17315